[Event "Mumbai Aurionpro GM op"]
[Site "Mumbai"]
[Date "2025.06.20"]
[Round "5"]
[White "Nguyen, Van Huy"]
[Black "Advik, Amit Agrawal"]
[Result "1/2-1/2"]
[WhiteElo "2337"]
[BlackElo "2218"]
[PlyCount "136"]
[EventDate "2025.06.16"]
[EventType "swiss"]
[EventRounds "9"]
[EventCountry "IND"]
[SourceTitle "CB26_2025"]
[SourceDate "2025.06.25"]
[SourceVersion "1"]
[SourceVersionDate "2025.06.25"]
[SourceQuality "1"]

1. d4 Nf6 2. Nf3 e6 3. c4 d5 4. g3 Bb4+ 5. Bd2 Be7 6. Bg2 0-0 7. 0-0 Nbd7 8. Qb3 c6 9. Rc1 Ne4 10. Bb4 c5 11. dxc5 Ndxc5 12. Qe3 b6 13. cxd5 exd5 14. Nc3 Nxc3 15. Bxc3 Ne4 16. Bd4 Bb7 17. Rc2 Qd6 18. Rac1 Rac8 19. Nd2 Rxc2 20. Rxc2 Nc5 21. Qe5 Ne6 22. Qxd6 Bxd6 23. Nb3 Rd8 24. e3 Kf8 25. Bc3 Ke7 26. Nd4 Nxd4 27. Bxd4 f6 28. f4 Rd7 29. Bc3 Kf7 30. Kf2 Re7 31. Rd2 Bc5 32. Bd4 Bb4 33. Rc2 Bd6 34. Bf1 Rc7 35. Rxc7+ Bxc7 36. a4 Bd6 37. a5 bxa5 38. Bxa7 Bc6 39. Bd3 g6 40. Ke2 Bb4 41. Bd4 a4 42. g4 Bd7 43. Kf3 Be1 44. Ba6 h5 45. h3 hxg4+ 46. hxg4 Ke6 47. Bb7 Bb4 48. Ba6 Kf7 49. Bd3 Bd2 50. Bb1 f5 51. Ke2 Bb4 52. Ba2 Bb5+ 53. Kf3 Ke6 54. Bb1 a3 55. bxa3 Bxa3 56. Bc2 Bb4 57. Bb3 Be1 58. Bd1 Bb4 59. Kg2 Bd3 60. Kf3 Be4+ 61. Kf2 fxg4 62. Bxg4+ Bf5 63. Be2 Be7 64. Ba6 Kf7 65. Bb7 Be4 66. Bc8 Bf5 67. Bb7 Be4 68. Bc8 Bf5 1/2-1/2

[Event "Mumbai Aurionpro GM op"]
[Site "Mumbai"]
[Date "2025.06.19"]
[Round "4"]
[White "Gharibyan, Mamikon"]
[Black "Nguyen, Van Huy"]
[Result "1/2-1/2"]
[WhiteElo "2472"]
[BlackElo "2337"]
[PlyCount "83"]
[EventDate "2025.06.16"]
[EventType "swiss"]
[EventRounds "9"]
[EventCountry "IND"]
[SourceTitle "CB26_2025"]
[SourceDate "2025.06.25"]
[SourceVersion "1"]
[SourceVersionDate "2025.06.25"]
[SourceQuality "1"]

1. e4 c6 2. d4 d5 3. e5 Bf5 4. h4 a6 5. h5 c5 6. dxc5 Nc6 7. Bd3 Qd7 8. Nc3 Rd8 9. Na4 Nxe5 10. Nb6 Nxd3+ 11. cxd3 Qc6 12. d4 e5 13. Nf3 f6 14. b4 e4 15. Nd2 Ne7 16. a4 Nc8 17. Nxc8 Bxc8 18. Nf1 Be7 19. Bf4 Kf7 20. g4 g5 21. Bg3 Rhf8 22. Ne3 Kg8 23. Qe2 f5 24. gxf5 Bxf5 25. b5 Qf6 26. Be5 Qe6 27. Rc1 axb5 28. axb5 Bf6 29. Bxf6 Qxf6 30. Qd2 Kh8 31. c6 Bc8 32. Rg1 b6 33. Rg3 h6 34. Ra1 Qf7 35. Qe2 Rd6 36. Ra8 Rf6 37. Ra2 Be6 38. Rc2 Rf4 39. Ng2 Rf6 40. Ne3 Rf4 41. Ng2 Rf6 42. Ne3 1/2-1/2

[Event "New Delhi op 21st"]
[Site "New Delhi"]
[Date "2025.06.14"]
[Round "10"]
[White "Deepan Chakkravarthy, J."]
[Black "Nguyen, Van Huy"]
[Result "1/2-1/2"]
[WhiteElo "2410"]
[BlackElo "2337"]
[PlyCount "68"]
[EventDate "2025.06.07"]
[EventType "swiss"]
[EventRounds "10"]
[EventCountry "IND"]
[SourceTitle "CB26_2025"]
[SourceDate "2025.06.25"]
[SourceVersion "1"]
[SourceVersionDate "2025.06.25"]
[SourceQuality "1"]

1. e4 c6 2. d4 d5 3. e5 Bf5 4. Nf3 e6 5. Be2 Nd7 6. 0-0 h6 7. Nbd2 Ne7 8. Nb3 Bh7 9. a4 Ng6 10. a5 Be7 11. Re1 0-0 12. g3 c5 13. h4 cxd4 14. Bd3 Qc7 15. Nbxd4 a6 16. Qe2 Bc5 17. c3 Rfc8 18. h5 Ngf8 19. Bxh7+ Nxh7 20. Kg2 Ba7 21. Bf4 Qc4 22. Qd1 Rab8 23. Re2 Bxd4 24. Nxd4 b5 25. axb6 Rxb6 26. b3 Qc7 27. Rea2 Qb7 28. Qg4 Kh8 29. Qe2 Nb8 30. Bd2 Nf8 31. Qf3 Kg8 32. Qg4 Kh8 33. Qf3 Kg8 34. Qg4 Kh8 1/2-1/2

[Event "Bhubaneswar op 16th"]
[Site "Bhubaneswar"]
[Date "2025.05.16"]
[Round "10"]
[White "Nguyen, Van Huy"]
[Black "Yohan, Yadav Tarala"]
[Result "1/2-1/2"]
[WhiteElo "2337"]
[BlackElo "2156"]
[PlyCount "50"]
[EventDate "2025.05.09"]
[EventType "swiss"]
[EventRounds "10"]
[EventCountry "IND"]
[SourceTitle "CB21_2025"]
[SourceDate "2025.05.21"]
[SourceVersion "1"]
[SourceVersionDate "2025.05.21"]
[SourceQuality "1"]

1. d4 d5 2. Nf3 Nf6 3. c4 c6 4. Qb3 dxc4 5. Qxc4 Bf5 6. g3 e6 7. Bg2 Be7 8. 0-0 0-0 9. e3 c5 10. Nc3 Nc6 11. Rd1 Qb6 12. dxc5 Qxc5 13. Qxc5 Bxc5 14. Nd4 Bxd4 15. exd4 Bc2 16. Rd2 Bg6 17. Rd1 Bc2 18. Rd2 Bg6 19. b3 Rfd8 20. d5 exd5 21. Nxd5 Nxd5 22. Bxd5 Rac8 23. Bxc6 Rxd2 24. Bxd2 Rxc6 25. Rc1 Rxc1+ 1/2-1/2

[Event "Bhubaneswar op 16th"]
[Site "Bhubaneswar"]
[Date "2025.05.15"]
[Round "9"]
[White "Nguyen, Van Huy"]
[Black "Savchenko, Boris"]
[Result "1/2-1/2"]
[WhiteElo "2337"]
[BlackElo "2463"]
[PlyCount "39"]
[EventDate "2025.05.09"]
[EventType "swiss"]
[EventRounds "10"]
[EventCountry "IND"]
[SourceTitle "CB21_2025"]
[SourceDate "2025.05.21"]
[SourceVersion "1"]
[SourceVersionDate "2025.05.21"]
[SourceQuality "1"]

1. d4 Nf6 2. Nf3 d6 3. c4 g6 4. Nc3 Bg7 5. e4 0-0 6. Be2 e5 7. Be3 exd4 8. Nxd4 Nc6 9. 0-0 Re8 10. f3 Bd7 11. Qd2 a6 12. Rfd1 Rc8 13. Rac1 Nh5 14. Bf1 Ne5 15. b3 Bf8 16. Nde2 Bc6 17. Nd4 Bd7 18. Nde2 Bc6 19. Nd4 Bd7 20. Nde2 1/2-1/2

[Event "Bhubaneswar op 16th"]
[Site "Bhubaneswar"]
[Date "2025.05.13"]
[Round "7"]
[White "Gochelashvili, David"]
[Black "Nguyen, Van Huy"]
[Result "1/2-1/2"]
[WhiteElo "2275"]
[BlackElo "2337"]
[PlyCount "40"]
[EventDate "2025.05.09"]
[EventType "swiss"]
[EventRounds "10"]
[EventCountry "IND"]
[SourceTitle "CB21_2025"]
[SourceDate "2025.05.21"]
[SourceVersion "1"]
[SourceVersionDate "2025.05.21"]
[SourceQuality "1"]

1. e4 c6 2. d4 d5 3. exd5 cxd5 4. c4 Nf6 5. Nc3 e6 6. Nf3 Bb4 7. cxd5 Nxd5 8. Bd2 0-0 9. Bd3 Nc6 10. 0-0 Be7 11. Nxd5 exd5 12. Qb3 Bf6 13. Bc3 Rb8 14. Rfe1 Be6 15. Qc2 h6 16. h3 Re8 17. Rad1 Qb6 18. Qd2 Qc7 19. a3 Bd7 20. Bc2 Qd6 1/2-1/2

[Event "Kottayam op"]
[Site "Kottayam"]
[Date "2025.05.07"]
[Round "10"]
[White "Nguyen, Van Huy"]
[Black "Abhishek, TM."]
[Result "1-0"]
[WhiteElo "2363"]
[BlackElo "2074"]
[PlyCount "153"]
[EventDate "2025.04.30"]
[EventType "swiss"]
[EventRounds "10"]
[EventCountry "IND"]
[SourceTitle "CB19_2025"]
[SourceDate "2025.05.07"]
[SourceVersion "1"]
[SourceVersionDate "2025.05.07"]
[SourceQuality "1"]

1. Nf3 Nf6 2. c4 e6 3. g3 c5 4. Bg2 d5 5. cxd5 exd5 6. d4 Nc6 7. 0-0 Bg4 8. Ne5 Be6 9. Nxc6 bxc6 10. b3 Qd7 11. Nc3 Bh3 12. Re1 Bxg2 13. Kxg2 Be7 14. e4 cxd4 15. Qxd4 0-0 16. exd5 Nxd5 17. Nxd5 cxd5 18. Bf4 Rac8 19. Rad1 Rfd8 20. Re2 Bc5 21. Qd3 d4 22. Qf3 Bb6 23. Bc1 Rc6 24. Bg5 Re8 25. Rde1 Rxe2 26. Rxe2 f6 27. Bf4 d3 28. Rd2 Rc2 29. h4 Rxd2 30. Bxd2 h6 31. a4 Qd4 32. h5 Bc5 33. Be3 Qd8 34. Bxc5 d2 35. Qd1 Qd5+ 36. Kg1 Qxc5 37. Qxd2 Qxh5 38. Qd8+ Kh7 39. Qd3+ Kh8 40. b4 Qe5 41. Kg2 f5 42. b5 f4 43. g4 Qc7 44. Qe4 Kg8 45. Kf3 Qc3+ 46. Kxf4 g5+ 47. Kf5 Qc5+ 48. Ke6 Qc8+ 49. Kf6 Qf8+ 50. Ke6 Qc8+ 51. Kd5 Qd7+ 52. Kc4 Qc7+ 53. Kb3 Qb6 54. Qe3 Qb7 55. Qe6+ Kg7 56. Qe5+ Kh7 57. Kb4 Qb6 58. a5 Qxf2 59. Qe7+ Kg6 60. Qe6+ Kg7 61. b6 Qb2+ 62. Kc5 Qa3+ 63. Kb5 Qd3+ 64. Kc6 Qc3+ 65. Kd7 axb6 66. axb6 Qd4+ 67. Ke8 Qb2 68. Qd7+ Kg8 69. Qd5+ Kh7 70. b7 h5 71. Qf7+ Kh8 72. Qxh5+ Kg8 73. Qxg5+ Kh8 74. Qh5+ Kg8 75. Qd5+ Kh8 76. g5 Qh2 77. Qd8 1-0

[Event "Kottayam op"]
[Site "Kottayam"]
[Date "2025.05.06"]
[Round "9"]
[White "Siddhanth, Poonja"]
[Black "Nguyen, Van Huy"]
[Result "1/2-1/2"]
[WhiteElo "2136"]
[BlackElo "2363"]
[PlyCount "60"]
[EventDate "2025.04.30"]
[EventType "swiss"]
[EventRounds "10"]
[EventCountry "IND"]
[SourceTitle "CB19_2025"]
[SourceDate "2025.05.07"]
[SourceVersion "1"]
[SourceVersionDate "2025.05.07"]
[SourceQuality "1"]

1. c4 Nf6 2. g3 c6 3. Bg2 d5 4. Nf3 Bg4 5. Ne5 Bf5 6. cxd5 cxd5 7. Nc3 Nbd7 8. Qa4 e6 9. g4 Bc2 10. Nxf7 Bxa4 11. Nxd8 Rxd8 12. Nxa4 Nxg4 13. Bh3 h5 14. f3 Nge5 15. Bxe6 d4 16. b3 Rh6 17. Bf5 Rf6 18. Be4 b5 19. Nb2 Nc5 20. d3 Ra6 21. Bg5 Nxe4 22. dxe4 Bb4+ 23. Kf2 Rc8 24. Bf4 Bc3 25. Bxe5 Bxb2 26. Rad1 Rc2 27. Bxg7 Rxa2 28. Bxd4 h4 29. Bxb2 Raxb2 30. Ke3 Rxe2+ 1/2-1/2

[Event "Kottayam op"]
[Site "Kottayam"]
[Date "2025.05.05"]
[Round "8"]
[White "Nguyen, Van Huy"]
[Black "Rajesh, VAV"]
[Result "0-1"]
[WhiteElo "2363"]
[BlackElo "2331"]
[PlyCount "60"]
[EventDate "2025.04.30"]
[EventType "swiss"]
[EventRounds "10"]
[EventCountry "IND"]
[SourceTitle "CB19_2025"]
[SourceDate "2025.05.07"]
[SourceVersion "1"]
[SourceVersionDate "2025.05.07"]
[SourceQuality "1"]

1. d4 d5 2. Nf3 Nf6 3. c4 dxc4 4. Qa4+ c6 5. Qxc4 Bf5 6. g3 e6 7. Bg2 Be7 8. 0-0 0-0 9. Nc3 Nbd7 10. Re1 a5 11. e4 Bg6 12. Qe2 b5 13. d5 b4 14. dxe6 Nc5 15. exf7+ Bxf7 16. e5 bxc3 17. exf6 Bxf6 18. Be3 cxb2 19. Rad1 Qe7 20. Nd4 Na4 21. Qc2 Qb4 22. Bxc6 Nc3 23. a3 Qc4 24. Bxa8 Nxd1 25. Be4 Qxc2 26. Bxc2 Nxe3 27. fxe3 Rc8 28. Bf5 Rc1 29. Kf2 Rxe1 30. Kxe1 Bxd4 0-1

[Event "Kottayam op"]
[Site "Kottayam"]
[Date "2025.05.04"]
[Round "7"]
[White "Petrosyan, Manuel"]
[Black "Nguyen, Van Huy"]
[Result "1/2-1/2"]
[WhiteElo "2544"]
[BlackElo "2363"]
[PlyCount "69"]
[EventDate "2025.04.30"]
[EventType "swiss"]
[EventRounds "10"]
[EventCountry "IND"]
[SourceTitle "CB19_2025"]
[SourceDate "2025.05.07"]
[SourceVersion "1"]
[SourceVersionDate "2025.05.07"]
[SourceQuality "1"]

1. d4 Nf6 2. c4 e6 3. Nf3 d5 4. Nc3 Bb4 5. cxd5 exd5 6. Bf4 Ne4 7. Rc1 Nc6 8. Nd2 g5 9. Be3 Nxc3 10. bxc3 Bd6 11. h4 Bf4 12. Bxf4 gxf4 13. e3 fxe3 14. Qe2 Be6 15. Qxe3 Qd6 16. Bd3 0-0-0 17. 0-0 Rhg8 18. Rfe1 Rg4 19. g3 Rdg8 20. Kf1 Rxg3 21. fxg3 Rxg3 22. Nf3 Bg4 23. Qe8+ Nd8 24. Re3 Qf4 25. Be2 Bxf3 26. Bxf3 Rxf3+ 27. Rxf3 Qxf3+ 28. Ke1 Qh1+ 29. Kd2 Qxh4 30. Re1 Qh6+ 31. Kc2 Qg6+ 32. Kb2 Qb6+ 33. Kc2 Qg6+ 34. Kb2 Qb6+ 35. Kc2 1/2-1/2

[Event "Kottayam op"]
[Site "Kottayam"]
[Date "2025.05.02"]
[Round "4"]
[White "Nguyen, Van Huy"]
[Black "Majumder, Shrayan"]
[Result "1/2-1/2"]
[WhiteElo "2363"]
[BlackElo "2110"]
[PlyCount "142"]
[EventDate "2025.04.30"]
[EventType "swiss"]
[EventRounds "10"]
[EventCountry "IND"]
[SourceTitle "CB19_2025"]
[SourceDate "2025.05.07"]
[SourceVersion "1"]
[SourceVersionDate "2025.05.07"]
[SourceQuality "1"]

1. d4 Nf6 2. Nf3 e6 3. c4 b6 4. g3 Bb7 5. Bg2 Be7 6. 0-0 0-0 7. d5 exd5 8. Nh4 c6 9. cxd5 Nxd5 10. Nf5 Nc7 11. Nc3 d5 12. e4 Bf6 13. exd5 cxd5 14. Bf4 Nba6 15. Qg4 Bc8 16. Rad1 Bxc3 17. bxc3 Qf6 18. Bh3 g6 19. Nh6+ Kg7 20. Bg5 Bxg4 21. Bxf6+ Kxf6 22. Nxg4+ Kg7 23. Ne3 Rfd8 24. Bg2 Rac8 25. Rfe1 Re8 26. Kf1 Kf8 27. Rd2 Nc5 28. Nxd5 Rxe1+ 29. Kxe1 Nxd5 30. Rxd5 Na4 31. Rd7 Nxc3 32. Rxa7 Rd8 33. Bf3 Rd3 34. Be2 Rd5 35. Ra3 Nxe2 36. Kxe2 Ke7 37. Ra7+ Ke6 38. Rb7 Rd6 39. Ke3 h5 40. h4 Kf6 41. a4 Ke6 42. f3 Kf6 43. Ke4 Ke6 44. Ke3 f5 45. Rc7 Ke5 46. Rc4 Ke6 47. Rb4 Ke5 48. Rc4 Ke6 49. Rd4 Rc6 50. Kd3 Rc1 51. Rb4 Rc6 52. Rc4 Rd6+ 53. Kc3 Kd7 54. Rf4 Rd1 55. g4 hxg4 56. fxg4 Ke6 57. gxf5+ gxf5 58. Rb4 Ke5 59. Rb5+ Ke4 60. Rxb6 f4 61. Re6+ Kf5 62. Re8 Rh1 63. a5 Rxh4 64. a6 Rh7 65. Rf8+ Ke4 66. Kc4 Rc7+ 67. Kb5 f3 68. Kb6 Rh7 69. a7 Rxa7 70. Kxa7 Ke3 71. Rxf3+ Kxf3 1/2-1/2

[Event "Maharashtra op 3rd"]
[Site "Hadapsar"]
[Date "2025.04.22"]
[Round "4"]
[White "Dhananjay, S."]
[Black "Nguyen, Van Huy"]
[Result "0-1"]
[WhiteElo "2250"]
[BlackElo "2363"]
[PlyCount "106"]
[EventDate "2025.04.20"]
[EventType "swiss"]
[EventRounds "10"]
[EventCountry "IND"]
[SourceTitle "CB18_2025"]
[SourceDate "2025.04.30"]
[SourceVersion "1"]
[SourceVersionDate "2025.04.30"]
[SourceQuality "1"]

1. e4 c6 2. Nc3 d5 3. Nf3 Bg4 4. h3 Bxf3 5. Qxf3 Nf6 6. d3 e6 7. g4 Bb4 8. g5 Nfd7 9. d4 0-0 10. Bg2 e5 11. 0-0 exd4 12. Ne2 dxe4 13. Qxe4 Bc5 14. Nxd4 Re8 15. Qh4 Nf8 16. Nf5 Ng6 17. Qg4 Nd7 18. h4 Nde5 19. Qh3 Ne7 20. Ng3 Nd5 21. Ne4 Bf8 22. h5 Qc8 23. Qxc8 Raxc8 24. b3 Rcd8 25. Bd2 Bb4 26. c3 Be7 27. c4 Nb4 28. Bc3 Nbd3 29. Rad1 f5 30. gxf6 gxf6 31. f4 Ng4 32. Rf3 Nc5 33. Rxd8 Rxd8 34. Nf2 Nxf2 35. Rxf2 Rd1+ 36. Rf1 Rd3 37. Re1 Kf7 38. Bb4 Bd6 39. Kf1 Ne6 40. Bxd6 Rxd6 41. Re4 Nc5 42. Re2 Rd4 43. Rf2 Ne6 44. f5 Nf4 45. Bf3 Nh3 46. Rh2 Ng5 47. Be2 Ke7 48. c5 Rd5 49. b4 Rxf5+ 50. Ke1 Rf4 51. a3 Rf3 52. Bc4 Rxa3 53. Rc2 Kf8 0-1

[Event "Maharashtra op 3rd"]
[Site "Hadapsar"]
[Date "2025.04.21"]
[Round "2"]
[White "Aditya, Varun Gampa"]
[Black "Nguyen, Van Huy"]
[Result "1/2-1/2"]
[WhiteElo "2190"]
[BlackElo "2363"]
[PlyCount "60"]
[EventDate "2025.04.20"]
[EventType "swiss"]
[EventRounds "10"]
[EventCountry "IND"]
[SourceTitle "CB18_2025"]
[SourceDate "2025.04.30"]
[SourceVersion "1"]
[SourceVersionDate "2025.04.30"]
[SourceQuality "1"]

1. e4 c6 2. d4 d5 3. e5 Bf5 4. h4 a6 5. g4 Bd7 6. Nc3 e6 7. Be3 c5 8. dxc5 Qc7 9. b4 Nc6 10. a3 Rd8 11. Bf4 f6 12. Nf3 fxe5 13. Bg3 Nh6 14. Qe2 Nf7 15. Bg2 b6 16. b5 Nd4 17. Nxd4 Qxc5 18. Nxd5 exd5 19. Rd1 Bd6 20. bxa6 Qc3+ 21. Kf1 0-0 22. Nb5 Bxb5 23. Qxb5 e4 24. Bxd6 Rxd6 25. Rh3 Qxc2 26. Qb3 Qc8 27. Bxe4 Qxa6+ 28. Kg2 Kh8 29. Rxd5 Qe2 30. Qf3 Qe1 1/2-1/2

[Event "Bengaluru Namma op 2nd"]
[Site "Bengaluru"]
[Date "2025.04.11"]
[Round "2"]
[White "Nguyen, Van Huy"]
[Black "Arul, Prakash N"]
[Result "1/2-1/2"]
[WhiteElo "2363"]
[BlackElo "2075"]
[PlyCount "96"]
[EventDate "2025.04.10"]
[EventType "swiss"]
[EventRounds "10"]
[EventCountry "IND"]
[SourceTitle "CB18_2025"]
[SourceDate "2025.04.30"]
[SourceVersion "1"]
[SourceVersionDate "2025.04.30"]
[SourceQuality "1"]

1. d4 d5 2. Nf3 Nf6 3. c4 c6 4. Qc2 g6 5. Bf4 Bg7 6. e3 0-0 7. Bd3 c5 8. 0-0 Nc6 9. dxc5 Nb4 10. Qb3 Nxd3 11. Qxd3 Bf5 12. Qa3 dxc4 13. Nc3 Nd5 14. Be5 f6 15. Nxd5 Qxd5 16. Rfd1 Bd3 17. Bc3 Rfc8 18. Ne1 e5 19. Rd2 Bf8 20. Nxd3 cxd3 21. Rad1 e4 22. Bxf6 Rxc5 23. Bc3 a5 24. Qb3 Qxb3 25. axb3 Rb5 26. f3 Rxb3 27. fxe4 Bb4 28. Bxb4 Rxb4 29. Rc1 Rd8 30. Kf2 Rxe4 31. Kf3 Re7 32. e4 Rd4 33. Rc5 Rdxe4 34. Rxd3 Rb4 35. b3 b6 36. Rc6 Kg7 37. g3 Kf7 38. h4 Ra7 39. Kg2 b5 40. Rb6 Kg7 41. Kh3 Rc7 42. Ra6 a4 43. bxa4 bxa4 44. Rd8 h5 45. Rd5 Rg4 46. Rd3 Rb7 47. Ra3 Rbb4 48. Rf3 Rb7 1/2-1/2

[Event "Hanoi GM2"]
[Site "Hanoi"]
[Date "2025.01.14"]
[Round "7"]
[White "Nguyen, Van Huy"]
[Black "Liyanage, Ranindu Dilshan"]
[Result "1-0"]
[WhiteElo "2372"]
[BlackElo "2397"]
[PlyCount "80"]
[EventDate "2025.01.10"]
[EventType "tourn"]
[EventRounds "9"]
[EventCountry "VIE"]
[EventCategory "6"]
[SourceTitle "CB04_2025"]
[SourceDate "2025.01.22"]
[SourceVersion "1"]
[SourceVersionDate "2025.01.22"]
[SourceQuality "1"]

1. d4 Nf6 2. c4 e6 3. Nf3 a6 4. Nc3 d5 5. cxd5 exd5 6. Bg5 Be6 7. e3 Nbd7 8. Bd3 c6 9. 0-0 Bd6 10. Bf4 Qc7 11. Bxd6 Qxd6 12. h3 0-0 13. Qc2 g6 14. Na4 Rfc8 15. Rac1 b6 16. Qe2 a5 17. b3 Ne4 18. Ne5 Nxe5 19. dxe5 Qb8 20. Qb2 c5 21. Rfd1 Rd8 22. Bxe4 dxe4 23. Rxd8+ Qxd8 24. Qc2 Bf5 25. Rd1 Qc7 26. Rd6 Rb8 27. Nc3 Qe7 28. g4 Be6 29. Nxe4 Kg7 30. Nf6 Rd8 31. Rxb6 Qc7 32. Rd6 Rb8 33. Nd5 Qa7 34. Nf4 Bc8 35. e6 Qe7 36. Qxc5 Bb7 37. Qd4+ Kh6 38. Rd7 Qa3 39. Ne2 Qb4 40. Qxb4 axb4 1-0

[Event "Hanoi GM2"]
[Site "Hanoi"]
[Date "2025.01.13"]
[Round "6"]
[White "Gomez, John Paul"]
[Black "Nguyen, Van Huy"]
[Result "1/2-1/2"]
[WhiteElo "2405"]
[BlackElo "2372"]
[PlyCount "40"]
[EventDate "2025.01.10"]
[EventType "tourn"]
[EventRounds "9"]
[EventCountry "VIE"]
[EventCategory "6"]
[SourceTitle "CB04_2025"]
[SourceDate "2025.01.22"]
[SourceVersion "1"]
[SourceVersionDate "2025.01.22"]
[SourceQuality "1"]

1. e4 c6 2. d4 d5 3. Nc3 dxe4 4. Nxe4 Bf5 5. Ng3 Bg6 6. Nf3 Nf6 7. Bd3 e6 8. 0-0 Nbd7 9. Re1 Be7 10. c3 0-0 11. Bxg6 hxg6 12. Ne4 Nxe4 13. Rxe4 Nf6 14. Re1 c5 15. dxc5 Bxc5 16. Be3 Bxe3 17. Rxe3 Qc7 18. Re1 Rfd8 19. Qe2 Rd6 20. Rad1 Rad8 1/2-1/2

[Event "Hanoi IM1"]
[Site "Hanoi"]
[Date "2025.01.04"]
[Round "2"]
[White "Nguyen, Thanh Thuy Tien"]
[Black "Nguyen, Van Huy"]
[Result "1/2-1/2"]
[WhiteElo "2047"]
[BlackElo "2372"]
[PlyCount "100"]
[EventDate "2025.01.03"]
[EventType "tourn"]
[EventRounds "9"]
[EventCountry "VIE"]
[SourceTitle "CB04_2025"]
[SourceDate "2025.01.22"]
[SourceVersion "1"]
[SourceVersionDate "2025.01.22"]
[SourceQuality "1"]

1. e4 c6 2. d4 d5 3. Nd2 dxe4 4. Nxe4 Bf5 5. Ng3 Bg6 6. h4 h6 7. Nf3 e6 8. Ne5 Bh7 9. Bd3 Bxd3 10. Qxd3 Nd7 11. f4 Bb4+ 12. c3 Be7 13. Bd2 Ngf6 14. 0-0-0 0-0 15. Qf3 Qc7 16. c4 a5 17. Kb1 Rfd8 18. h5 Bf8 19. Bc3 Bb4 20. Ne2 Nh7 21. d5 cxd5 22. cxd5 Bxc3 23. d6 Qc5 24. Qxc3 Nhf6 25. Nxd7 Qf5+ 26. Qd3 Qxd3+ 27. Rxd3 Rxd7 28. Nc3 Rc8 29. Re1 Nxh5 30. f5 Rc6 31. fxe6 fxe6 32. Nb5 a4 33. Re5 g5 34. Rh3 Nf4 35. Rxh6 Kg7 36. Rh1 Rb6 37. g3 Nd5 38. Nc7 Nxc7 39. dxc7 Rxc7 40. Rxg5+ Kf6 41. Ra5 Rc4 42. Rh6+ Ke7 43. Rh7+ Kd6 44. Rh4 Rxh4 45. gxh4 Rb4 46. h5 e5 47. h6 Rh4 48. Rb5 e4 49. Kc2 Kc6 50. Re5 Rxh6 1/2-1/2

[Event "Bhubaneswar op-A 15th"]
[Site "Bhubaneswar"]
[Date "2024.12.09"]
[Round "10"]
[White "Aronyak, Ghosh"]
[Black "Nguyen, Van Huy"]
[Result "1/2-1/2"]
[WhiteElo "2547"]
[BlackElo "2358"]
[PlyCount "59"]
[EventDate "2024.12.02"]
[EventType "swiss"]
[EventRounds "10"]
[EventCountry "IND"]
[SourceTitle "CB50_2024"]
[SourceDate "2024.11.01"]
[SourceVersion "1"]
[SourceVersionDate "2024.11.01"]
[SourceQuality "2"]

1. c4 e6 2. Nc3 c5 3. Nf3 Nf6 4. g3 b6 5. Bg2 Bb7 6. 0-0 Be7 7. Re1 Ne4 8. Nxe4 Bxe4 9. d3 Bb7 10. d4 cxd4 11. Qxd4 0-0 12. Rd1 d6 13. Qd3 Nd7 14. Ng5 Bxg5 15. Bxb7 Nc5 16. Qf3 Nxb7 17. Qxb7 Bf6 18. Rb1 Qc8 19. Qxc8 Raxc8 20. b3 Rfd8 21. e4 Kf8 22. Ba3 Be7 23. Rd3 Ke8 24. Rbd1 Rc6 25. Bb4 a5 26. Bc3 Bf6 27. Bd2 a4 28. Kf1 Be7 29. g4 Rb8 30. Bb4 1/2-1/2

[Event "Bhubaneswar op-A 15th"]
[Site "Bhubaneswar"]
[Date "2024.12.03"]
[Round "2"]
[White "Prashanth, J Naik"]
[Black "Nguyen, Van Huy"]
[Result "0-1"]
[WhiteElo "1963"]
[BlackElo "2358"]
[PlyCount "116"]
[EventDate "2024.12.02"]
[EventType "swiss"]
[EventRounds "10"]
[EventCountry "IND"]
[SourceTitle "CB50_2024"]
[SourceDate "2024.11.01"]
[SourceVersion "1"]
[SourceVersionDate "2024.11.01"]
[SourceQuality "2"]

1. d4 Nf6 2. Bf4 d5 3. e3 c5 4. Nf3 Nc6 5. Nbd2 Bg4 6. h3 Bh5 7. g4 Bg6 8. Bb5 cxd4 9. exd4 Nd7 10. c4 e6 11. cxd5 exd5 12. 0-0 Be7 13. Qa4 0-0 14. Bxc6 Nb6 15. Qb5 bxc6 16. Qe2 Bd6 17. Bxd6 Qxd6 18. Rfe1 Na4 19. b3 Nc3 20. Qe7 Qxe7 21. Rxe7 Rfe8 22. Re3 Rxe3 23. fxe3 f6 24. Kf2 Rc8 25. b4 Kf8 26. h4 Ke7 27. a3 Kd7 28. h5 Bd3 29. Rc1 Ne4+ 30. Nxe4 Bxe4 31. Nd2 Bd3 32. Rc3 Ba6 33. Kf3 Kd6 34. Rc1 h6 35. Nb3 Rf8 36. Kf4 Re8 37. Kf3 Bc8 38. Rg1 Rg8 39. Kf4 g5+ 40. hxg6 Rxg6 41. Rg3 Rg5 42. e4 dxe4 43. Nd2 Kd5 44. Nxe4 Rg6 45. Nf2 f5 46. gxf5 Rxg3 47. Kxg3 Bxf5 48. Kf4 Bc8 49. Ke3 h5 50. Nd3 h4 51. Ne5 h3 52. Kf2 Bb7 53. Kg3 Kxd4 54. Nf3+ Kc3 55. Kxh3 Kb3 56. Nd4+ Kxa3 57. b5 c5 58. Ne6 Bc8 0-1

[Event "Quang Ninh IM-A"]
[Site "Ha Long"]
[Date "2024.05.18"]
[Round "8"]
[White "Nguyen, Van Huy"]
[Black "Young, Angelo"]
[Result "1/2-1/2"]
[WhiteElo "2362"]
[BlackElo "2165"]
[PlyCount "30"]
[EventDate "2024.05.14"]
[EventType "tourn"]
[EventRounds "9"]
[EventCountry "VIE"]
[SourceTitle "CBM 220 Extra"]
[Source "ChessBase"]
[SourceDate "2024.07.31"]
[SourceVersion "1"]
[SourceVersionDate "2024.07.31"]
[SourceQuality "1"]

1. e4 e6 2. d4 d5 3. Nd2 c5 4. exd5 Qxd5 5. Ngf3 cxd4 6. Bc4 Qd6 7. 0-0 Nf6 8. Nb3 Nc6 9. Nbxd4 Nxd4 10. Qxd4 Qxd4 11. Nxd4 a6 12. Be2 Bd7 13. Bf4 0-0-0 14. c4 Ba4 15. Nf3 Be7 1/2-1/2

[Event "Quang Ninh IM-A"]
[Site "Ha Long"]
[Date "2024.05.18"]
[Round "7"]
[White "Vrashank, Chouhan"]
[Black "Nguyen, Van Huy"]
[Result "0-1"]
[WhiteElo "2199"]
[BlackElo "2362"]
[PlyCount "150"]
[EventDate "2024.05.14"]
[EventType "tourn"]
[EventRounds "9"]
[EventCountry "VIE"]
[SourceTitle "CBM 220 Extra"]
[Source "ChessBase"]
[SourceDate "2024.07.31"]
[SourceVersion "1"]
[SourceVersionDate "2024.07.31"]
[SourceQuality "1"]

1. d4 Nf6 2. Bf4 d5 3. e3 c5 4. Nf3 Nc6 5. Nbd2 cxd4 6. exd4 Bf5 7. Bb5 g6 8. Ne5 Bd7 9. Nxd7 Qxd7 10. c3 Bg7 11. 0-0 0-0 12. Nf3 a6 13. Ne5 Qf5 14. Bxc6 bxc6 15. Bg3 Rfc8 16. Re1 Ne4 17. Nd3 Re8 18. Qe2 Qc8 19. f3 Nf6 20. a4 Nd7 21. a5 c5 22. dxc5 Nxc5 23. Nb4 Qb7 24. Bf2 Nd7 25. Rad1 e6 26. Kh1 Rec8 27. Bd4 Rc4 28. Bxg7 Kxg7 29. Nd3 Qc7 30. Ra1 Kg8 31. Rec1 Rb8 32. Rd1 Rb5 33. Nb4 Nc5 34. Rxd5 Rcxb4 35. cxb4 exd5 36. bxc5 Rxc5 37. h3 Rc1+ 38. Rxc1 Qxc1+ 39. Kh2 Qc7+ 40. Kh1 Qxa5 41. Qe8+ Kg7 42. Qe5+ Kf8 43. Qh8+ Ke7 44. Qe5+ Kd7 45. b4 Qb5 46. Qf6 Qxb4 47. Qxf7+ Kc6 48. Qxh7 Qb1+ 49. Kh2 Qb8+ 50. Kh1 Qd6 51. Qa7 Kb5 52. Qb7+ Kc4 53. Qc8+ Kd3 54. Qc1 d4 55. Qd1+ Kc3 56. Qe1+ Kc4 57. Qc1+ Kd5 58. Qb1 Kc5 59. Qc2+ Kb6 60. Kg1 a5 61. Qb1+ Kc7 62. Kf2 Qb6 63. Qc1+ Kb7 64. f4 a4 65. Qa3 d3+ 66. Kf3 Qb3 67. Qe7+ Kc6 68. Ke3 a3 69. Qe8+ Kc5 70. Qe7+ Kc4 71. Qc7+ Kb4 72. Kd2 Qc4 73. Qb6+ Ka4 74. Qa7+ Kb3 75. Qb6+ Qb4+ 0-1